| 000 | 00733nam a2200253 4500 | ||
|---|---|---|---|
| 003 | OSt | ||
| 005 | 20260601193842.0 | ||
| 008 | 260422b1978 sp |||| |||| 00| 0 spa d | ||
| 020 | _a8425207037 | ||
| 040 |
_aICI _bspa _cICI |
||
| 041 | _aspa | ||
| 050 |
_aQH541 _bB6518 |
||
| 100 | 1 |
_aBookchin, Murray, _eautor |
|
| 245 | 1 |
_aPor una sociedad ecológica / _cMurray bookchin ; [version castellana de Joseph Elías] |
|
| 264 |
_aBarcelona : _bGustavo Gili, _c1978 |
||
| 300 | _a172 páginas | ||
| 336 |
_atexto _2rdacontent |
||
| 337 |
_asin medio _2rdamedia |
||
| 338 |
_avolumen _2rdacarrier |
||
| 490 | 0 | _aColección Tecnología y sociedad | |
| 650 | _aEcología | ||
| 700 |
_aElías, Joseph, _etraductor |
||
| 942 |
_2lcc _cB _n1 |
||
| 999 |
_c21476 _d21476 |
||